000 00756nam a22002537a 4500
001 BR8305680
003 BR-BrBNA
005 20230928091810.0
007 ta
008 230509b bl.||||| |||| 00| 0 por d
040 _aBR-BrBNA
_bpor
_cBiblioteca Nacional de Agricultura
041 _a(Por)
072 _aC20; E14
_b/G514
090 _ C20 BR8305680
110 1 _aProjeto Nordeste, Recife, PE (Brasil)
_98080
245 1 _aProjeto regional de apoio ao pequeno produtor rural do nordeste (sintese preliminar)grupo 4 regional [Brasil]
260 3 _aRecife, PE (Brasil):
_c1983.
300 _a123 p.
650 _aPROJETO AGRICOLA
650 _aEXTENSAO RURAL
650 _aREGIAO NORDESTE
909 _a202309
_bLucia
_c55
_dLucia Elande
942 _cBK
999 _c35580
_d35580